Loading...
| Any History | 10 | 15.00 | 90% | 30% | 30% |
| Current Events | 1 | 20.00 | 100% | 100% | 0% |
| Fine Arts - Classical Music | 10 | 13.00 | 100% | 30% | 0% |
| Fine Arts - Other Fine Arts | 10 | 15.00 | 80% | 60% | 10% |
| Geography | 7 | 18.57 | 100% | 71% | 14% |
| History - American History | 7 | 11.43 | 71% | 43% | 0% |
| History - European History | 7 | 17.14 | 100% | 43% | 29% |
| History - World History | 8 | 13.75 | 88% | 38% | 13% |
| Literature - American Literature | 12 | 14.17 | 100% | 42% | 0% |
| Literature - British Literature | 9 | 14.44 | 100% | 33% | 11% |
| Literature - European Literature | 7 | 15.71 | 100% | 57% | 0% |
| Literature - World Literature | 8 | 15.00 | 100% | 38% | 13% |
| Mythology | 4 | 17.50 | 100% | 50% | 25% |
| Other Academic | 5 | 18.00 | 100% | 80% | 0% |
| Painting & Sculpture | 13 | 16.15 | 77% | 62% | 23% |
| Philosophy | 10 | 16.00 | 100% | 60% | 0% |
| Religion | 6 | 18.33 | 100% | 50% | 33% |
| Science - Biology | 4 | 12.50 | 100% | 25% | 0% |
| Science - Chemistry | 10 | 17.00 | 90% | 50% | 30% |
| Science - Other Science | 12 | 18.33 | 100% | 58% | 25% |
| Science - Physics | 10 | 16.00 | 100% | 50% | 10% |
| Social Science | 5 | 20.00 | 100% | 100% | 0% |